000 00796nam a2200253 a 4500
001 46303
003 BD-RjUL
005 20211209054132.0
008 160801s1957 enka b 001 0 eng d
035 _a(BD-RjUL) 46421
040 _aBD-RjUL
_beng
_cBD-RjUL
_dBD-RjUL
041 _aeng
082 _223
_a330.01
_bSTT 1957
090 _aHB171.5
_b.S9 1972
100 1 _aStonier, Alfred W.
_q(Alfred William),
_d1905-
_9131795
245 1 2 _aA textbook of economic theory /
_cAlfred W. Stonier and Douglas C. Hague.
250 _a2nd ed.
260 _aLondon :
_bLongmans Green,
_c1957[Reprinted 1961]
300 _ax, 513 p. :
_bill. ;
_c22 cm.
500 _aIncludes index.
650 0 _aEconomics.
_9141397
700 1 _aHague, D. C.
_q(Douglas Chalmers),
_d1926-2015.
_9131797
942 _2ddc
_cBK
999 _c46303
_d46303